Moments - One Direction - All Lyrics - Statistics

General Stats
  • This quiz has been taken 42 times
  • The average score is 276 of 336
Answer Stats
Answer % Correct
I
97%
moment
97%
be
94%
be)
94%
Heart
94%
heart
94%
is
94%
(is
94%
with
94%
you,
94%
you
94%
You
94%
a
91%
If
91%
love
91%
love,
91%
my
91%
My
91%
of
91%
the
91%
to
91%
(to
91%
wanna
91%
we
91%
your
91%
Your
91%
(your
91%
And
88%
could
88%
day
88%
for
88%
have
88%
in
88%
It
88%
it
88%
know
88%
life
88%
life,
88%
me
88%
more
88%
this,
88%
this
88%
this)
88%
time
88%
(time)
88%
turn
88%
down
84%
feel
84%
I'll
84%
I’ll
84%
leave
84%
make
84%
off
84%
one
84%
only
84%
say
84%
say)
84%
back
81%
door,
81%
face
81%
reason
81%
Shut
81%
tears
81%
today
81%
before
78%
find
78%
light
78%
mind,
78%
all
75%
at
75%
breathing
75%
cannot
75%
Close
75%
close
75%
harder,
75%
harder
75%
makes
75%
stream
75%
words
75%
Don’t
72%
don't
72%
voice
72%
are
69%
beside
69%
out
69%
though
69%
without
69%
As
66%
beats
66%
even
66%
hands
66%
Hands
66%
hide
66%
like
66%
seen
66%
There’s
66%
try
66%
Try
66%
end
63%
going
63%
clouded
59%
feet
59%
key
59%
lay
59%
sky
59%
tonight's
59%
escapes
56%
judgement's
56%
numb
56%
scream
56%
touch
56%
clothes
53%
edge
53%
fall,
53%
reminded,
53%
throw
53%
bed
50%
joke
50%
street,
50%
balls
47%
kicking
47%
myself
47%
toes,
47%
Trembling
47%
pile
44%
Playing
44%
skin
44%
games
38%
lungs
38%
lights
34%
silent,
34%
Flashing
31%
standing
25%
No matching quizzes found
Score Distribution
Percent of People with Each Score
Percentile by Number Answered
Your Score History
You have not taken this quiz